000 00566nam a2200205 a 4500
001 BRCA_817
005 20190320203149.0
008 740827s1978 enka---###---#001-0#eng-#
020 _a0904644626
040 _aDLC
_cDLC
_dDLC
050 4 _aNK5104
_b.S28 1978
100 1 _aSavage, Leonard George Gimson
_92719
245 1 0 _aGlass and glassware
_cGeorge Savage.
260 _aLondres
_bCathay
_c1978
300 _a128 p.
_bil. (algunas a color)
_c32 cm.
500 _aIncluye índice alfabético
650 1 4 _aCristalería
_92720
653 0 _aVidrio
942 _2lcc
_cB
999 _c712
_d712